Score 0/55 Timer 07:00
1 Play Today
% Correct
Bathtub
96.1%
Dental Floss
91.2%
Shampoo
89.2%
Shaving Cream
88.1%
Toothbrush
88%
Microwave Oven
87.4%
Dishwasher
87.1%
Toilet
86.7%
Refrigerator
86.6%
Hand-Mixer
86.5%
Electric Can Opener
86.4%
Blender
86.4%
Toaster
86.2%
Slow Cooker
86%
Showerhead
85.2%
Waffle Iron
85%
Bunk
84.8%
Hairbrush
84.6%
Couch
84.4%
Bookcase
83.5%
Rocking Chair
83.5%
Lawn Mower
83.3%
Razor
83.1%
Crib
83.1%
Leaf Blower
83.1%
Television
82.8%
Recliner
82.7%
Hardwood
82.5%
% Correct
Toothpaste
82.3%
Loo
82.2%
Carpeting
82.2%
Linoleum
81.4%
Tile
81.3%
Canopy
81%
Love Seat
80.8%
Entertainment Center
80.5%
Snow Shovel
80.5%
Swing Set
80.3%
Coffee
80.2%
Billiard
80.2%
Four-poster
79%
Car
78.2%
Dining Room
78.1%
Ottoman
77.7%
Rake
77.6%
Abode
76.5%
Card
75.6%
Doghouse
75.4%
Trundle
74.1%
Shed
73.3%
End
73.2%
John
72%
Day
70.7%
Accent
69%
Water
62.7%
Remove Ads.
Support Sporcle.
Get the best of Sporcle when you Go Orange. This ad-free experience offers more features, more stats, and more fun while also helping to support Sporcle. Thank you for becoming a member.

You're not logged in!

Compare scores with friends on all Sporcle quizzes.
OR
Log In

Sporcle TV

Today on Sporcle TV


Watch our educational content, quiz creation guides, and fun videos on Sporcle TV.

Show Comments

Extras

Top Quizzes Today


Score Distribution

Paid Content

Your Account Isn't Verified!

In order to create a playlist on Sporcle, you need to verify the email address you used during registration. Go to your Sporcle Settings to finish the process.

Report this User

Report this user for behavior that violates our Community Guidelines.

Details: